[Event "Wiesbaden op 29th"]
[Site "Wiesbaden"]
[Date "2017.08.26"]
[Round "4"]
[White "Koehn, Matthias"]
[Black "Weidel, Albrecht"]
[Result "1/2-1/2"]
[WhiteElo "1935"]
[BlackElo "2108"]
[PlyCount "49"]
[EventDate "2017.08.24"]
[EventType "swiss"]
[EventRounds "7"]
[EventCountry "GER"]
[SourceTitle "CBM 180 Extra"]
[Source "ChessBase"]
[SourceDate "2017.10.06"]
[SourceVersion "1"]
[SourceVersionDate "2017.10.06"]
[SourceQuality "1"]

1. e4 c5 2. Nc3 d6 3. f4 a6 4. Nf3 Nc6 5. d3 e5 6. f5 g6 7. g4 h5 8. fxg6 fxg6 9. g5 Nge7 10. Bg2 Be6 11. Nh4 Qd7 12. 0-0 Bg7 13. Nd5 Bg4 14. Bf3 Nxd5 15. Nxg6 Nde7 16. Nxh8 Bxh8 17. h3 Bxf3 18. Qxf3 0-0-0 19. c3 d5 20. Be3 d4 21. Bd2 dxc3 22. Bxc3 Qxd3 23. Qxh5 Qxe4 24. Rad1 Nd4 25. Rf2 1/2-1/2

[Event "Wiesbaden op 29th"]
[Site "Wiesbaden"]
[Date "2017.08.24"]
[Round "1"]
[White "Wuest, Carolin"]
[Black "Koehn, Matthias"]
[Result "0-1"]
[WhiteElo "1566"]
[BlackElo "1935"]
[PlyCount "64"]
[EventDate "2017.08.24"]
[EventType "swiss"]
[EventRounds "7"]
[EventCountry "GER"]
[SourceTitle "CBM 180 Extra"]
[Source "ChessBase"]
[SourceDate "2017.10.06"]
[SourceVersion "1"]
[SourceVersionDate "2017.10.06"]
[SourceQuality "1"]

1. d4 g6 2. Nf3 Bg7 3. g3 d6 4. Bg2 Nc6 5. 0-0 Bg4 6. c3 Qc8 7. Nbd2 Nf6 8. Re1 0-0 9. Qc2 e5 10. dxe5 dxe5 11. e4 h6 12. Nc4 Re8 13. Ne3 Bh3 14. b3 Nh5 15. Bb2 Bxg2 16. Kxg2 Qe6 17. Rad1 Rad8 18. Ba3 Bf8 19. Bxf8 Rxf8 20. Rd5 f5 21. Rxd8 Nxd8 22. Nc4 Nc6 23. exf5 Rxf5 24. Qe2 Qd5 25. Rd1 Qe6 26. Re1 Ne7 27. Ncxe5 Nd5 28. c4 Ndf4+ 29. gxf4 Nxf4+ 30. Kf1 Rxe5 31. Qxe5 Qh3+ 32. Kg1 Qg2# 0-1